Hummingbirds / by Rachael Barnes.
Available copies
- 0 of 1 copy available at LARL/NWRL Consortium.
- 0 of 1 copy available at Lake Agassiz Regional Library. (Show preferred library)
Current holds
0 current holds with 1 total copy.
Show All Copies
| Location | Call Number / Copy Notes | Barcode | Shelving Location | Status | Due Date |
|---|---|---|---|---|---|
Record details
- ISBN: 9781644876923
- ISBN: 1644876922
- Physical Description: 24 pages : color illustrations ; 24 cm.
- Publisher: Minneapolis, MN : Bellwether Media, 2023.
Content descriptions
| Bibliography, etc. Note: | Includes bibliographical references (page 23) and ... Read More |
| Summary, etc.: | "Developed by literacy experts for students in ... Read More |
| Target Audience Note: | Ages 5-8 Bellwether Media. Grades K-1 Bellwether Media. |
Search for related items by subject
| Subject: | Hummingbirds > Juvenile literature. |
| Genre: | Readers (Publications) |
Search for related items by series
| LDR | 01610cam a2200409 i 4500 | ||
|---|---|---|---|
| 001 | 405669 | ||
| 003 | LARL_NWRL_CONSORTIUM | ||
| 005 | 20221227183105.0 | ||
| 008 | 220119s2023 mnua j b 001 0 eng | ||
| 010 | . | ‡a 2022002378 | |
| 040 | . | ‡aDLC ‡beng ‡erda ‡cDLC ‡dK#T | |
| 020 | . | ‡a9781644876923 ‡q(library binding) | |
| 020 | . | ‡a1644876922 | |
| 020 | . | ‡z9781648347382 ‡q(ebook) | |
| 035 | . | ‡a(OCoLC)1293664288 | |
| 042 | . | ‡apcc | |
| 082 | 0 | 0. | ‡a598.7/64 ‡223/eng/20220125 |
| 100 | 1 | . | ‡aBarnes, Rachael, ‡eauthor. |
| 245 | 1 | 0. | ‡aHummingbirds / ‡cby Rachael Barnes. |
| 264 | 1. | ‡aMinneapolis, MN : ‡bBellwether Media, ‡c2023. | |
| 300 | . | ‡a24 pages : ‡bcolor illustrations ; ‡c24 cm. | |
| 336 | . | ‡atext ‡btxt ‡2rdacontent | |
| 337 | . | ‡aunmediated ‡bn ‡2rdamedia | |
| 338 | . | ‡avolume ‡bnc ‡2rdacarrier | |
| 490 | 0 | . | ‡aBackyard birds |
| 504 | . | ‡aIncludes bibliographical references (page 23) and index. | |
| 520 | . | ‡a"Developed by literacy experts for students in kindergarten through grade three, this book introduces hummingbirds to young readers through leveled text and related photos"-- ‡cProvided by publisher. | |
| 521 | . | ‡aAges 5-8 ‡bBellwether Media. | |
| 521 | . | ‡aGrades K-1 ‡bBellwether Media. | |
| 650 | 0. | ‡aHummingbirds ‡vJuvenile literature. ‡0(LARL_NWRL_CONSORTIUM)169599 | |
| 655 | 7. | ‡aReaders (Publications) ‡2lcgft | |
| 776 | 0 | 8. | ‡iOnline version: ‡aBarnes, Rachael. ‡tHummingbirds ‡dMinneapolis : Bellwether Media, 2022 ‡z9781648347382 ‡w(DLC) 2022002379 |
| 901 | . | ‡a405669 ‡b ‡c405669 ‡tbiblio | |

Add to basket
Permalink
Disable Highlighting